"El Archivo General de la Nación de Colombia: Diseño y Funcionalidad" (Registro nro. 305392)
[ vista simple ]
| 000 -ENCABEZADO | |
|---|---|
| Número de control [NR] | 01574nam a22002537a 4500 |
| 005 - FECHA Y HORA DE LA ÚLTIMA TRANSACCIÓN | |
| control field | 20161028155126.0 |
| 008 - DE LONGITUD FIJA DE DATOS DE ELEMENTOS - INFORMACIÓN GENERAL | |
| Elementos de longitud fija [NR] | 161028s2001 ck |||fr|||| 00| 0 spa d |
| 040 ## - FUENTE DE CATALOGACION [NR] | |
| Quien Cataloga | Sandra Yazo |
| Quien Clasifica | Sandra Yazo |
| 041 0# - CODIGO DE IDIOMA [R] | |
| Código de idioma para texto/pista de sonido o título separado [R] | Español |
| 082 04 - NUMERO DE CLASIFICACION DECIMAL DEWEY [R] | |
| Número de la edición [NR] | 20 |
| Número de clasificación [R] | 027 |
| 092 ## - SIGNATURA TOPOGRAFICA LOCAL | |
| Número de clasificación local | E63N092 |
| 110 2# - ASIENTO PRINCIPAL--NOMBRE CORPORATIVO [NR] | |
| ID de autoridad | 3870 |
| Nombre corporativo o de jurisdicción como elemento de entrada [NR] | Archivo General de la Nación (Colombia) |
| 245 14 - MENCION DE TITULO [NR] | |
| Título [NR] | "El Archivo General de la Nación de Colombia: Diseño y Funcionalidad" |
| 260 ## - PUBLICACION, DISTRIBUCION, ETC. (PIE DE IMPRENTA) [R] | |
| Lugar de publicación, distribución, etc. [R] | Bogotá (Colombia) |
| Nombre del editor, distribuidor, etc. [R] | Archivo General de la Nación |
| Fecha de publicación, distribución, etc. [R] | 2001 |
| 300 ## - DESCRIPCION FISICA [R] | |
| Extensión [R] | 20 páginas |
| Dimensiones [R] | 24 x 18 cm |
| 500 ## - NOTA GENERAL [R] | |
| Nota general [NR] | Detalles físicas: Encuadernación flexible. Tapas impresas con datos de publicación. Texto impreso en una sola columna. Ejemplar en buen estado de conservación |
| 505 0# - NOTA DE CONTENIDO CON FORMATO PREESTABLECIDO [R] | |
| Nota de contenido con formato preestablecido [NR] | Los archivos en Colombia. Origen institucional ; Proyectos para dotar de sede propia al Archivo Nacional de Colombia ; Consideraciones arquitectónicas ; Clima externo y microclima al interior de los depósitos ; Modelo de comportamiento climático ; Sistema de control de filtrado de aire ; Control de iluminación ; Sistema contra incendio ; Protección contra la flora y fauna ; Otras zonas del Archivo ; Sistema de almacenamiento ; Espacios para el usuario ; Áreas técnicas, clasificación, división administrativa y financiera ; Vigilancia y seguridad |
| 506 ## - NOTA DE RESTRICCIONES DE ACCESO [R] | |
| Condiciones de acceso [NR] | Consulta en sala |
| 610 27 - ASIENTO SECUNDARIO DE MATERIA - NOMBRE CORPORATIVO [R] | |
| 9 (RLIN) | 3870 |
| Nombre corporativo o nombre de la jurisdicción como elemento de entrada [NR] | Archivo General de la Nación (Colombia) |
| 650 #7 - ASIENTO SECUNDARIO DE MATERIA - TERMINO TEMATICO [R] | |
| 9 (RLIN) | 44348 |
| Término temático o nombre geográfico como elemento de entrada [NR] | Archivos |
| Subdivisión geográfica [R] | Bogotá (Colombia) |
| 650 #7 - ASIENTO SECUNDARIO DE MATERIA - TERMINO TEMATICO [R] | |
| 9 (RLIN) | 9325 |
| Término temático o nombre geográfico como elemento de entrada [NR] | Archivos históricos |
| Subdivisión geográfica [R] | Bogotá (Colombia) |
| 690 ## - ASUNTO AGREGADO LOCAL DE ENTRADA - TÉRMINO TEMÁTICO (OCLC, RLIN) | |
| Acceso temático local | Bibliotecología |
| 9 (RLIN) | 10049 |
| 942 ## - ELEMENTOS DE ENTRADA AGREGADOS (KOHA) | |
| Sistema de clasificación | LOCAL |
| Tipo de ítem principal el descrito en 300a | Libro |
| Edición | 1 |
| Clasificación | E63N092 |
| Suprimido | Perdido | Sistema de clasificación | Dañado | No prestable | Tipo de ítem específico | Ubicación habitual | Ubicación actual | Localización | Fecha de creación | Forma de adquisición | Costo | Total préstamos | Signatura topográfica | Código de barras | Última vez visto | Ejemplar | Price effective from | Tipo de ítem |
|---|---|---|---|---|---|---|---|---|---|---|---|---|---|---|---|---|---|---|
| LOCAL | Libro archivo | Archivo Histórico | Archivo Histórico | Archivo histórico | 28/10/2016 | Donación | 0.00 | E63N092 | L005930 | 28/10/2016 | Ej.1 | 28/10/2016 | Libro |